Central Library OPAC University of Rajshahi

Workbook : (Record no. 42833)

MARC details
000 -LEADER
fixed length control field 00778nam a2200229 a 4500
001 - CONTROL NUMBER
control field 42833
003 - CONTROL NUMBER IDENTIFIER
rucl marc code BD-RJUL
005 - DATE AND TIME OF LATEST TRANSACTION
control field 20211209053612.0
008 - FIXED-LENGTH DATA ELEMENTS--GENERAL INFORMATION
fixed length control field 160616s1979 enka 000 0 eng d
035 ## - SYSTEM CONTROL NUMBER
System control number (BD-RjUL)42951
040 ## - CATALOGING SOURCE
Original cataloging agency BD-RjUL
Language of cataloging eng
Transcribing agency BD-RjUL
041 ## - LANGUAGE CODE
Language code of text/sound track or separate title eng
082 ## - DEWEY DECIMAL CLASSIFICATION NUMBER
Edition number 23
Classification number 330
Author mark and year STW 1979
100 1# - MAIN ENTRY--PERSONAL NAME
Personal name Stilwell, John A.
9 (RLIN) 131610
245 10 - TITLE STATEMENT
Title Workbook :
Remainder of title to accompany the fifth edition of 'An introduction to positive economics' /
Statement of responsibility, etc. J.A. Stilwell, R.G. Lipsey and R. Clarke.
260 ## - PUBLICATION, DISTRIBUTION, ETC. (IMPRINT)
Place of publication, distribution, etc. London :
Name of publisher, distributor, etc. Weidenfeld & Nicolson,
Date of publication, distribution, etc. c1979.
300 ## - PHYSICAL DESCRIPTION
Pagination vii, 322 p. :
Illustrations ill. ;
Size 29 cm.
650 #0 - SUBJECT ADDED ENTRY--TOPICAL TERM
Topical term or geographic name as entry element Economics
General subdivision Problems, exercises, etc.
9 (RLIN) 130507
700 1# - ADDED ENTRY--PERSONAL NAME
Personal name Lipsey, Richard G.,
Dates associated with a name 1928-
Personal name Clarke, Rosemary,
Dates associated with a name 1933-
942 ## - ADDED ENTRY ELEMENTS (KOHA)
Source of classification or shelving scheme Dewey Decimal Classification
Koha item type Books
Holdings
Lost status Source of classification or shelving scheme Damaged status Not for loan Collection code Permanent Location Current Location Shelving location Date acquired Source of acquisition Total Checkouts Full call number Date last seen Copy number Koha item type
  Dewey Decimal Classification     Non-fiction Central Library, University of Rajshahi Central Library, University of Rajshahi   02/05/1984 British Council   330 STW 1979 16/06/2016 C-2 Books